| 000 | 00500 a2200157 4500 | ||
|---|---|---|---|
| 999 |
_c5989 _d5989 |
||
| 020 | _a0713134763 (pbk.) | ||
| 050 | 0 | 0 | _aQC 251 ALL 1983 |
| 100 | 1 |
_aAllenby, R. B. J. T. _eauthor |
|
| 245 | 1 | 0 |
_aRings, fields, and groups : _ban introduction to abstract algebra / _cR.B.J.T. Allenby. |
| 264 |
_aLondon: _bEdward Arnold, _c1983 |
||
| 300 |
_axxvi, 294 p. : _bill. ; |
||
| 500 | _aIncludes index. | ||
| 504 | _aBibliography: p. [277]-282. | ||
| 650 | 0 | _aAlgebra, Abstract. | |
| 942 |
_2lcc _cBK _h251 _iALL _kQC |
||